| 000 | 01175nam a2200325Ia 4500 | ||
|---|---|---|---|
| 003 | OSt | ||
| 005 | 20221007123227.0 | ||
| 006 | a|||||r|||| 00| 0 | ||
| 007 | ta | ||
| 008 | 221006b |||||||| |||| 00| 0 eng d | ||
| 020 |
_a012294755X (hbd) _c _ 59.95 |
||
| 024 | _a3310 | ||
| 037 |
_bNavayug, _cTextual |
||
| 040 |
_aPAPL _cPAPL _beng |
||
| 041 |
_2eng _aeng |
||
| 082 | _aBd, M0;N5 | ||
| 100 |
_aGradshteyn I S _9493059 |
||
| 245 | 0 |
_aTable of integrals, series, and products by I S Gradshteyn and others. Ed by Alan Jeffrey _b Ryzhik I M Jeffrey Alan Ed |
|
| 250 | _aEd 5 | ||
| 260 |
_aSan _bDiego Academic Press _c1994 |
||
| 300 |
_a1204p _ccm. |
||
| 490 | _vTr from the Russian by Scripta Technica,Inc | ||
| 500 | _a^mPurchase^n23/CSL/Carpa/95-96/2560^d1995-05-12; ; 95-96/174^b1995-08-02^cP/31^d1995-07-28^eNavayug Traders^f1995-08-02^h1995-08-02; ; 1995-08-10^bSB^c1995-08-11 | ||
| 650 |
_a Tables _9716917 |
||
| 650 | _aMathematics | ||
| 700 |
_a Jeffrey Alan Ed _9461642 |
||
| 700 |
_a Ryzhik I M _9459367 |
||
| 942 |
_hBd, M0;N5 _cTEXL _2CC |
||
| 999 |
_c1211566 _d1211566 |
||